000
00301nam a2200109Ia 4500
008
171211s9999 xx 000 0 und d
245
_a
Global Game Industries and Cultural Policy
245
_c
Anthony Fung
260
_c
2016
650
_x
GAMES
856
_u
http://down.ebook777.com/055/3319407597.pdf
999
_c
348924
_d
348924